| 000 | 01230cam a22002414a 4500 | ||
|---|---|---|---|
| 005 | 20250605164133.0 | ||
| 008 | 250528s ||||||||||||||||||||||||d | ||
| 035 | _a18657 | ||
| 020 | _a809013789 | ||
| 040 |
_aGR-AtMCL _bgre _dGR-AtMCL _eAACR2 |
||
| 245 | 1 | _aThe Television Program / Its Direction and Production | |
| 250 | _a5th | ||
| 260 |
_bHill And Wang, _c1978 |
||
| 300 | _a244 | ||
| 520 | _aThe television program discusses techniques appropriate to large network affiliates, small stations, instructional television centers, cable television studios, and schools. Introduction, Camera Concepts: Shots and Lenses, Transitions: Shot to Shot and Scene to Scene, Television Directing: Terms and Cues, Pictorial Composition, Production Elements and Techniques, Directing Residue, Directing Unrehearsed Studio Programs, Directing Remote Programs, Directing the Fully Scripted Program, Film and Videotape, Special Production Elements and Techniques, Television Producing, Non-Broadcast Television: The New Worlds of Video. | ||
| 700 | 1 |
_aBretz Rudy _94922 |
|
| 700 | 1 |
_aGartley Lynn _94923 |
|
| 700 | 1 |
_aGatley John _94924 |
|
| 700 | 1 |
_aStasheff Edward _94925 |
|
| 942 | _cBK | ||
| 999 |
_c4002 _d4002 |
||